| 000 | 00379nam a2200157Ia 4500 | ||
|---|---|---|---|
| 005 | 20250612021157.0 | ||
| 008 | 240331s9999 xx 000 0 und d | ||
| 020 | _a9552007550 | ||
| 082 |
_bABE _a320 |
||
| 100 | _aAbeysinghe, W.A | ||
| 245 | 0 | _aDeshaparlana vidya lipi | |
| 260 |
_acolombo _bS. godage & brothers _c1992 |
||
| 300 | _a76 p ., | ||
| 650 | _aPolitical | ||
| 942 | _cL | ||
| 999 |
_c2245 _d2245 |
||